000 00817cab a2200229 4500
001 ABS60184
008 090401t1999 xxu||||| |||| 00| 0 eng d
035 _a(Sirsi) u99693
041 _aeng
100 _aGarland, W.S.
245 _aMeeting the year 2000 challenge
260 _c1999
350 _a0
490 _aUrban Land
_v58(1) January 1999, 38-41(4)
520 _aProvides an overview of the problems for information systems created by the Millennium Bug, and the measures companies are taking to resolve the situation. Highlights the issues around embedded systems in building control systems.
650 _aMILLENNIUM BUG
650 _aPUBLIC TRANSPORT
650 _aYEAR 2000 COMPLIANCE
690 _aMANAGEMENT-BUSINESS MANAGEMENT-INFORMATION MANAGEMENT
942 _n0
948 _c22/02/1999
999 _c59937
_d59937